000 00213nam a22000857a 4500
999 _c4914
_d4914
008 161213b xxu||||| |||| 00| 0 eng d
020 _a9788183414814
100 _92039
_aRohan Book
245 _aTell me Where
260 _aNew Delhi
_bRohan Book
_c2012